Preventive maintenance
This book covers not only tractors, but all engine-powered machines, such as self-propelled combines, windrowers, hay cubers, and forage harvesters. Typical preventive maintenance is included for each system on a typical machine. This book is not intended into a mechanic. Rather it is designed to gi...
保存先:
| 第一著者: | |
|---|---|
| フォーマット: | 図書 |
| 言語: | Undetermined |
| 出版事項: |
Illinois
John Deere
1992
|
| 主題: | |
| タグ: |
タグ追加
タグなし, このレコードへの初めてのタグを付けませんか!
|
| Thư viện lưu trữ: | Trung tâm Học liệu Trường Đại học Cần Thơ |
|---|
| LEADER | 00929nam a2200205Ia 4500 | ||
|---|---|---|---|
| 001 | CTU_15493 | ||
| 008 | 210402s9999 xx 000 0 und d | ||
| 020 | |b 95df | ||
| 082 | |a 681.763 | ||
| 082 | |b F981p | ||
| 100 | |a FMO | ||
| 245 | 0 | |a Preventive maintenance | |
| 245 | 0 | |c FMO | |
| 260 | |a Illinois | ||
| 260 | |b John Deere | ||
| 260 | |c 1992 | ||
| 520 | |a This book covers not only tractors, but all engine-powered machines, such as self-propelled combines, windrowers, hay cubers, and forage harvesters. Typical preventive maintenance is included for each system on a typical machine. This book is not intended into a mechanic. Rather it is designed to give a better understanding of the importance of preventive maintenance and the steps of performing maintenance jobs on farm machines | ||
| 650 | |a agricultural machinery operators | ||
| 904 | |i Minh, 970409 | ||
| 980 | |a Trung tâm Học liệu Trường Đại học Cần Thơ | ||